00719nam a2200169 a 450000100100000000500170001000800410002704000250006808200160009310000380010924500530014726000430020030000280024359000750027195201860034699900170053200003613520200930074916.0111031s2004 fr a 000 0 spa d aDO-SdBNPbspacBNPHU axxxxbA919g1 aAugé, Claude,d1854-192496217210aGrammaire :bcours supérieur /cClaude Augé. aParis :bLibrairie Larousse,c[19--?]. a472 p. :bil. ;c18 cm. aPerteneció a la biblioteca personal de Juan Isidro Jimenes Grullón 001050718MOaGRbGRcCTd2011-12-16iLF1l0oxxxx A919gp36135-10r2020-06-25w2020-06-25y1zPerteneció a la biblioteca personal de Juan Isidro Jimenes GrullónZNo se presta c35626d35626